[Event "34ème Open International d'Avoine"]
[Site "AVOINE"]
[Date "2019.07.20"]
[Round "1.1"]
[White "Bressy, Theo"]
[Black "Maiorov, Nikita"]
[Result "1-0"]
[WhiteElo "2182"]
[BlackElo "2522"]
[PlyCount "175"]
[EventDate "2019.??.??"]
[WhiteTeam "Echiquier Piscénois - Pézénas"]

1. e4 {[%emt 0:00:03]} e5 {[%emt 0:00:05]} 2. Nf3 {[%emt 0:00:03]} Nc6 {
[%emt 0:00:03]} 3. Bc4 {[%emt 0:00:17]} Bc5 {[%emt 0:00:08]} 4. O-O {
[%emt 0:00:11]} Nf6 {[%emt 0:00:05]} 5. d3 {[%emt 0:00:03]} O-O {[%emt 0:01:18]
} 6. h3 {[%emt 0:03:03]} a5 {[%emt 0:05:24]} 7. a4 {[%emt 0:00:54]} d6 {
[%emt 0:00:39]} 8. Nc3 {[%emt 0:03:38]} Kh8 {[%emt 0:01:46]} 9. Ne2 {
[%emt 0:06:14]} d5 {[%emt 0:05:00]} 10. exd5 {[%emt 0:00:14]} Nxd5 {
[%emt 0:00:04]} 11. c3 {[%emt 0:09:07]} Nb6 {[%emt 0:02:43]} 12. Bb5 {
[%emt 0:05:16]} Bd6 {[%emt 0:01:58]} 13. d4 {[%emt 0:15:32]} e4 {[%emt 0:00:41]
} 14. Bxc6 {[%emt 0:00:39]} bxc6 {[%emt 0:00:00]} 15. Nh2 {[%emt 0:02:03]} Ba6
{[%emt 0:06:29]} 16. b3 {[%emt 0:03:31]} c5 {[%emt 0:03:36]} 17. c4 {
[%emt 0:00:43]} cxd4 {[%emt 0:02:28]} 18. Qxd4 {[%emt 0:01:47]} Qe7 {
[%emt 0:06:13]} 19. Bf4 {[%emt 0:07:19]} Bb4 {[%emt 0:20:57]} 20. Rad1 {
[%emt 0:05:01]} Rfe8 {[%emt 0:07:44]} 21. Ng3 {[%emt 0:07:12]} Rad8 {
[%emt 0:01:40]} 22. Qxe4 {[%emt 0:05:15]} Qxe4 {[%emt 0:05:05]} 23. Nxe4 {
[%emt 0:00:13]} Rd7 {[%emt 0:01:29]} 24. Be3 {[%emt 0:04:10]} h6 {
[%emt 0:07:00]} 25. Bxb6 {[%emt 0:02:45]} Rxd1 {[%emt 0:00:04]} 26. Rxd1 {
[%emt 0:00:07]} cxb6 {[%emt 0:00:07]} 27. Nd6 {[%emt 0:01:06]} Re7 {
[%emt 0:00:15]} 28. Nf5 {[%emt 0:00:29]} Re2 {[%emt 0:02:19]} 29. Rd7 {
[%emt 0:07:28]} Kh7 {[%emt 0:01:00]} 30. Nf3 {[%emt 0:04:24]} Bc5 {
[%emt 0:04:39]} 31. N5d4 {[%emt 0:00:30]} Re4 {[%emt 0:02:14]} 32. Nc6 {
[%emt 0:07:43]} f6 {[%emt 0:01:53]} 33. Rc7 {[%emt 0:02:20]} Bd6 {
[%emt 0:07:36]} 34. Rd7 {[%emt 0:00:11]} Bc5 {[%emt 0:01:00]} 35. Rc7 {
[%emt 0:00:03]} Bd6 {[%emt 0:00:18]} 36. Rd7 {[%emt 0:00:07]} Ba3 {
[%emt 0:03:40]} 37. Rc7 {[%emt 0:01:42]} Re8 {[%emt 0:01:04]} 38. Ra7 {
[%emt 0:01:52]} Bc8 {[%emt 0:00:07]} 39. Ra8 {[%emt 0:00:28]} Bc5 {
[%emt 0:05:34]} 40. Kf1 {[%emt 0:01:21]} g5 {[%emt 0:01:11]} 41. Ne1 {
[%emt 0:05:28]} Kg8 {[%emt 0:14:22]} 42. Nd3 {[%emt 0:02:35]} Bf8 {
[%emt 0:00:05]} 43. Na7 {[%emt 0:00:00]} Bd7 {[%emt 0:01:17]} 44. Rxe8 {
[%emt 0:00:05]} Bxe8 {[%emt 0:00:02]} 45. Nc8 {[%emt 0:00:11]} Bg6 {
[%emt 0:04:33]} 46. Ke2 {[%emt 0:00:05]} Bxd3+ {[%emt 0:00:08]} 47. Kxd3 {
[%emt 0:00:02]} Bc5 {[%emt 0:00:04]} 48. f3 {[%emt 0:00:00]} Kf7 {
[%emt 0:00:04]} 49. Ke4 {[%emt 0:00:06]} Ke6 {[%emt 0:00:15]} 50. g4 {
[%emt 0:00:12]} Bf2 {[%emt 0:00:43]} 51. Na7 {[%emt 0:02:05]} Kd6 {
[%emt 0:00:00]} 52. Nb5+ {[%emt 0:00:57]} Kc5 {[%emt 0:00:04]} 53. Kd3 {
[%emt 0:00:52]} Kb4 {[%emt 0:00:04]} 54. Kc2 {[%emt 0:00:03]} Kc5 {
[%emt 0:00:59]} 55. Nc3 {[%emt 0:09:48]} Kd4 {[%emt 0:00:05]} 56. Ne4 {
[%emt 0:00:08]} Bg1 {[%emt 0:00:00]} 57. Nxf6 {[%emt 0:00:05]} Ke3 {
[%emt 0:00:20]} 58. Ng8 {[%emt 0:00:03]} Kxf3 {[%emt 0:00:05]} 59. Nxh6 {
[%emt 0:00:02]} Kg3 {[%emt 0:00:34]} 60. Kd3 {[%emt 0:00:05]} Kxh3 {
[%emt 0:00:08]} 61. Ke4 {[%emt 0:00:15]} Kg3 {[%emt 0:01:00]} 62. Kf5 {
[%emt 0:05:15]} Be3 {[%emt 0:00:24]} 63. Nf7 {[%emt 0:00:06]} Kh4 {
[%emt 0:00:19]} 64. Ne5 {[%emt 0:01:09]} Kg3 {[%emt 0:00:06]} 65. Nf7 {
[%emt 0:04:37]} Kh4 {[%emt 0:00:28]} 66. Ne5 {[%emt 0:00:32]} Kg3 {
[%emt 0:03:13]} 67. Nd3 {[%emt 0:01:54]} Kf3 {[%emt 0:01:35]} 68. b4 {
[%emt 0:00:13]} Ke2 {[%emt 0:02:14]} 69. Ke4 {[%emt 0:00:02]} axb4 {
[%emt 0:00:42]} 70. Nxb4 {[%emt 0:00:02]} Bc5 {[%emt 0:01:05]} 71. Nc6 {
[%emt 0:00:39]} Kd2 {[%emt 0:04:21]} 72. a5 {[%emt 0:00:07]} bxa5 {
[%emt 0:00:03]} 73. Nxa5 {[%emt 0:00:09]} Kc3 {[%emt 0:00:11]} 74. Kd5 {
[%emt 0:00:03]} Be3 {[%emt 0:00:38]} 75. Nc6 {[%emt 0:00:00]} Kb3 {
[%emt 0:00:21]} 76. c5 {[%emt 0:00:36]} Ka4 {[%emt 0:00:09]} 77. Ne5 {
[%emt 0:00:43]} Kb5 {[%emt 0:01:03]} 78. c6 {[%emt 0:00:05]} Ka6 {
[%emt 0:00:00]} 79. Kd6 {[%emt 0:00:33]} Bf4 {[%emt 0:02:26]} 80. c7 {
[%emt 0:00:59]} Bxe5+ {[%emt 0:00:27]} 81. Kxe5 {[%emt 0:00:02]} Kb7 {
[%emt 0:00:06]} 82. Kf5 {[%emt 0:00:08]} Kxc7 {[%emt 0:00:02]} 83. Kxg5 {
[%emt 0:00:08]} Kd8 {[%emt 0:00:00]} 84. Kf6 {[%emt 0:00:26]} Ke8 {
[%emt 0:00:03]} 85. g5 {[%emt 0:00:10]} Kf8 {[%emt 0:00:04]} 86. g6 {
[%emt 0:00:13]} Kg8 {[%emt 0:00:08]} 87. g7 {[%emt 0:00:05]} Kh7 {
[%emt 0:00:11]} 88. Kf7 {[%emt 0:00:04]} 1-0

[Event "34ème Open International d'Avoine"]
[Site "AVOINE"]
[Date "2019.07.20"]
[Round "1.2"]
[White "Demuth, Adrien"]
[Black "Vallet, Marc"]
[Result "1-0"]
[WhiteElo "2502"]
[BlackElo "2181"]
[PlyCount "83"]
[EventDate "2019.??.??"]
[WhiteTeam "Nice Alekhine"]
[BlackTeam "Lille Université Club Echiquier du Nord"]

1. Nf3 {[%emt 0:00:02]} d6 {[%emt 0:18:08]} 2. d4 {[%emt 0:00:05]} Bg4 {
[%emt 0:00:34]} 3. Qd3 {[%emt 0:00:12]} c6 {[%emt 0:07:07]} 4. Ng5 {
[%emt 0:00:05]} Qc8 {[%emt 0:02:57]} 5. f3 {[%emt 0:08:59]} Bd7 {[%emt 0:07:18]
} 6. e4 {[%emt 0:05:28]} Nf6 {[%emt 0:05:27]} 7. Qb3 {[%emt 0:01:22]} d5 {
[%emt 0:04:54]} 8. e5 {[%emt 0:02:02]} h6 {[%emt 0:00:46]} 9. exf6 {
[%emt 0:25:10]} hxg5 {[%emt 0:00:00]} 10. fxg7 {[%emt 0:01:14]} Bxg7 {
[%emt 0:00:50]} 11. Bxg5 {[%emt 0:00:00]} Bxd4 {[%emt 0:13:43]} 12. Nc3 {
[%emt 0:00:54]} Bg7 {[%emt 0:09:18]} 13. O-O-O {[%emt 0:04:33]} e6 {
[%emt 0:01:43]} 14. Qb4 {[%emt 0:21:26]} f6 {[%emt 0:21:09]} 15. Be3 {
[%emt 0:06:00]} b6 {[%emt 0:04:17]} 16. Qd6 {[%emt 0:05:49]} Na6 {
[%emt 0:02:37]} 17. Qg3 {[%emt 0:03:39]} Kf8 {[%emt 0:00:51]} 18. h4 {
[%emt 0:00:49]} Qc7 {[%emt 0:01:03]} 19. Qf2 {[%emt 0:02:49]} Nc5 {
[%emt 0:01:00]} 20. Bxc5+ {[%emt 0:05:22]} bxc5 {[%emt 0:00:05]} 21. Qxc5+ {
[%emt 0:00:04]} Kg8 {[%emt 0:00:49]} 22. Bd3 {[%emt 0:01:11]} Qf4+ {
[%emt 0:02:07]} 23. Kb1 {[%emt 0:00:07]} Bf8 {[%emt 0:01:27]} 24. Qf2 {
[%emt 0:04:55]} Qb4 {[%emt 0:00:00]} 25. Qg3+ {[%emt 0:04:18]} Bg7 {
[%emt 0:00:06]} 26. a3 {[%emt 0:01:19]} Qe7 {[%emt 0:02:05]} 27. h5 {
[%emt 0:00:59]} Rh6 {[%emt 0:00:54]} 28. Bg6 {[%emt 0:00:00]} Qd8 {
[%emt 0:00:52]} 29. Rh4 {[%emt 0:01:00]} f5 {[%emt 0:00:18]} 30. Rb4 {
[%emt 0:00:24]} e5 {[%emt 0:00:49]} 31. Na4 {[%emt 0:01:28]} a5 {[%emt 0:00:00]
} 32. Rb7 {[%emt 0:00:26]} Rb8 {[%emt 0:00:05]} 33. Rxb8 {[%emt 0:01:29]} Qxb8
{[%emt 0:00:04]} 34. Nc5 {[%emt 0:00:15]} Bc8 {[%emt 0:00:29]} 35. Qg5 {
[%emt 0:01:18]} Qd6 {[%emt 0:00:12]} 36. Nd3 {[%emt 0:00:38]} e4 {
[%emt 0:00:00]} 37. fxe4 {[%emt 0:00:24]} fxe4 {[%emt 0:00:14]} 38. Nf2 {
[%emt 0:00:31]} Qf8 {[%emt 0:01:38]} 39. Nxe4 {[%emt 0:00:23]} Rxg6 {
[%emt 0:00:21]} 40. Qxg6 {[%emt 0:00:55]} Bf5 {[%emt 0:00:08]} 41. Nf6+ {
[%emt 0:01:07]} Qxf6 {[%emt 0:00:00]} 42. Qxf6 {[%emt 0:00:12]} 1-0

[Event "34ème Open International d'Avoine"]
[Site "AVOINE"]
[Date "2019.07.20"]
[Round "1.3"]
[White "Degardin, Sylvain"]
[Black "Bailet, Pierre"]
[Result "1/2-1/2"]
[WhiteElo "2180"]
[BlackElo "2494"]
[PlyCount "68"]
[EventDate "2019.??.??"]
[WhiteTeam "Mulhouse Philidor"]
[BlackTeam "Vandoeuvre-Echecs"]

1. e4 {[%emt 0:00:05]} e5 {[%emt 0:00:35]} 2. Nf3 {[%emt 0:00:22]} Nc6 {
[%emt 0:00:19]} 3. Bb5 {[%emt 0:00:28]} a6 {[%emt 0:00:38]} 4. Ba4 {
[%emt 0:00:39]} d6 {[%emt 0:01:41]} 5. c3 {[%emt 0:01:11]} Bd7 {[%emt 0:03:44]}
6. d4 {[%emt 0:00:00]} Nf6 {[%emt 0:02:28]} 7. O-O {[%emt 0:19:53]} Qe7 {
[%emt 0:09:49]} 8. Re1 {[%emt 0:03:58]} g6 {[%emt 0:01:05]} 9. dxe5 {
[%emt 0:10:37]} Nxe5 {[%emt 0:03:23]} 10. Nxe5 {[%emt 0:00:41]} dxe5 {
[%emt 0:04:48]} 11. Bxd7+ {[%emt 0:00:00]} Nxd7 {[%emt 0:05:28]} 12. Be3 {
[%emt 0:02:27]} O-O-O {[%emt 0:15:42]} 13. Qc2 {[%emt 0:09:47]} Qe6 {
[%emt 0:04:15]} 14. Qb3 {[%emt 0:04:40]} Qxb3 {[%emt 0:10:50]} 15. axb3 {
[%emt 0:00:19]} Bc5 {[%emt 0:00:24]} 16. Na3 {[%emt 0:07:23]} Bxe3 {
[%emt 0:09:06]} 17. Rxe3 {[%emt 0:00:24]} Nc5 {[%emt 0:03:03]} 18. b4 {
[%emt 0:01:17]} Nb3 {[%emt 0:01:38]} 19. Rae1 {[%emt 0:01:25]} b5 {
[%emt 0:01:00]} 20. R3e2 {[%emt 0:06:26]} Rd6 {[%emt 0:02:05]} 21. Nc2 {
[%emt 0:07:18]} Rhd8 {[%emt 0:01:49]} 22. Ne3 {[%emt 0:02:02]} h5 {
[%emt 0:05:35]} 23. h4 {[%emt 0:02:00]} c6 {[%emt 0:03:21]} 24. f3 {
[%emt 0:02:16]} Kb7 {[%emt 0:04:59]} 25. Kf2 {[%emt 0:02:25]} Kb6 {
[%emt 0:00:36]} 26. g3 {[%emt 0:01:59]} a5 {[%emt 0:03:46]} 27. bxa5+ {
[%emt 0:00:38]} Kxa5 {[%emt 0:00:05]} 28. Nc2 {[%emt 0:05:10]} Kb6 {
[%emt 0:01:07]} 29. Nb4 {[%emt 0:01:47]} Kc5 {[%emt 0:04:00]} 30. Nc2 {
[%emt 0:02:33]} Rd2 {[%emt 0:01:52]} 31. Rxd2 {[%emt 0:03:13]} Rxd2+ {
[%emt 0:00:27]} 32. Re2 {[%emt 0:00:11]} Kc4 {[%emt 0:04:45]} 33. Rxd2 {
[%emt 0:02:03]} Nxd2 {[%emt 0:00:04]} 34. Ke2 {[%emt 0:00:26]} Nb3 {
[%emt 0:01:00]} 1/2-1/2

[Event "34ème Open International d'Avoine"]
[Site "AVOINE"]
[Date "2019.07.20"]
[Round "1.4"]
[White "Abergel, Thal"]
[Black "Mathieu, Phileas"]
[Result "1-0"]
[WhiteElo "2450"]
[BlackElo "2178"]
[PlyCount "167"]
[EventDate "2019.??.??"]
[WhiteTeam "Grasse Echecs"]
[BlackTeam "Echiquier des Lions - Lyon Oullins"]

1. Nf3 {[%emt 0:00:11]} c5 {[%emt 0:00:05]} 2. c4 {[%emt 0:00:19]} Nc6 {
[%emt 0:00:03]} 3. b3 {[%emt 0:00:27]} Nf6 {[%emt 0:12:25]} 4. Bb2 {
[%emt 0:02:07]} e6 {[%emt 0:01:52]} 5. g3 {[%emt 0:00:27]} Be7 {[%emt 0:02:55]}
6. Bg2 {[%emt 0:00:15]} O-O {[%emt 0:00:27]} 7. O-O {[%emt 0:00:14]} b6 {
[%emt 0:03:19]} 8. d4 {[%emt 0:00:44]} cxd4 {[%emt 0:01:04]} 9. Nxd4 {
[%emt 0:00:09]} Bb7 {[%emt 0:00:22]} 10. Nc3 {[%emt 0:00:35]} Qb8 {
[%emt 0:07:25]} 11. Nc2 {[%emt 0:04:23]} Nb4 {[%emt 0:05:29]} 12. e4 {
[%emt 0:00:58]} Nxc2 {[%emt 0:03:21]} 13. Qxc2 {[%emt 0:00:09]} Rc8 {
[%emt 0:00:56]} 14. Rfe1 {[%emt 0:05:23]} Bc5 {[%emt 0:08:00]} 15. Rad1 {
[%emt 0:03:51]} Bc6 {[%emt 0:08:06]} 16. Qe2 {[%emt 0:06:37]} Qb7 {
[%emt 0:02:43]} 17. Nd5 {[%emt 0:04:42]} Ne8 {[%emt 0:05:34]} 18. Qg4 {
[%emt 0:02:53]} Bf8 {[%emt 0:03:58]} 19. a4 {[%emt 0:07:36]} d6 {[%emt 0:10:14]
} 20. Nc3 {[%emt 0:10:09]} a6 {[%emt 0:01:13]} 21. Qe2 {[%emt 0:01:39]} Nc7 {
[%emt 0:01:16]} 22. b4 {[%emt 0:14:16]} b5 {[%emt 0:02:17]} 23. cxb5 {
[%emt 0:00:00]} axb5 {[%emt 0:00:07]} 24. a5 {[%emt 0:00:07]} Na6 {
[%emt 0:02:53]} 25. Ba3 {[%emt 0:01:31]} Bd7 {[%emt 0:02:13]} 26. Rc1 {
[%emt 0:02:37]} Rc4 {[%emt 0:01:25]} 27. Bf1 {[%emt 0:01:38]} Rac8 {
[%emt 0:02:20]} 28. Qe3 {[%emt 0:02:00]} R4c7 {[%emt 0:02:36]} 29. Qd4 {
[%emt 0:05:33]} g6 {[%emt 0:02:38]} 30. Na2 {[%emt 0:00:54]} Rc2 {
[%emt 0:02:58]} 31. Rxc2 {[%emt 0:03:39]} Rxc2 {[%emt 0:00:00]} 32. Nc1 {
[%emt 0:00:09]} Qc7 {[%emt 0:07:31]} 33. Bd3 {[%emt 0:03:45]} Rc3 {
[%emt 0:01:31]} 34. Bb2 {[%emt 0:00:39]} Bg7 {[%emt 0:00:01]} 35. Qe3 {
[%emt 0:00:27]} Nxb4 {[%emt 0:02:51]} 36. Bxc3 {[%emt 0:00:44]} Bxc3 {
[%emt 0:00:00]} 37. Rd1 {[%emt 0:00:32]} Nxd3 {[%emt 0:04:09]} 38. Qxd3 {
[%emt 0:00:36]} Bxa5 {[%emt 0:01:06]} 39. Qxd6 {[%emt 0:00:23]} Qxd6 {
[%emt 0:01:21]} 40. Rxd6 {[%emt 0:00:07]} Be8 {[%emt 0:00:02]} 41. Nd3 {
[%emt 0:02:59]} Kg7 {[%emt 0:10:43]} 42. Ra6 {[%emt 0:02:32]} Bc3 {
[%emt 0:00:56]} 43. Ra8 {[%emt 0:00:33]} Kf8 {[%emt 0:01:07]} 44. Rc8 {
[%emt 0:01:11]} Bd4 {[%emt 0:03:42]} 45. Nb4 {[%emt 0:01:37]} Ke7 {
[%emt 0:02:32]} 46. Kf1 {[%emt 0:01:04]} Bd7 {[%emt 0:01:00]} 47. Rc1 {
[%emt 0:00:19]} Bb2 {[%emt 0:04:22]} 48. Rb1 {[%emt 0:00:47]} Bc3 {
[%emt 0:00:55]} 49. Ke2 {[%emt 0:00:14]} Bxb4 {[%emt 0:08:16]} 50. Rxb4 {
[%emt 0:02:34]} e5 {[%emt 0:00:12]} 51. Rb1 {[%emt 0:05:02]} Kd6 {
[%emt 0:04:00]} 52. Rd1+ {[%emt 0:00:18]} Kc6 {[%emt 0:00:16]} 53. Rd5 {
[%emt 0:03:38]} Be6 {[%emt 0:06:25]} 54. Rd8 {[%emt 0:03:16]} b4 {
[%emt 0:02:35]} 55. Kd3 {[%emt 0:01:22]} Kc7 {[%emt 0:02:54]} 56. Rh8 {
[%emt 0:01:34]} h5 {[%emt 0:00:00]} 57. f4 {[%emt 0:00:08]} Kd6 {[%emt 0:01:46]
} 58. Rb8 {[%emt 0:06:36]} exf4 {[%emt 0:01:19]} 59. gxf4 {[%emt 0:06:31]} Kc5
{[%emt 0:00:34]} 60. Ra8 {[%emt 0:04:05]} Bc4+ {[%emt 0:00:35]} 61. Ke3 {
[%emt 0:01:08]} Be6 {[%emt 0:06:40]} 62. f5 {[%emt 0:01:30]} gxf5 {
[%emt 0:00:21]} 63. exf5 {[%emt 0:00:03]} Bd5 {[%emt 0:04:24]} 64. Rc8+ {
[%emt 0:00:29]} Bc6 {[%emt 0:00:36]} 65. Rc7 {[%emt 0:02:28]} b3 {
[%emt 0:03:46]} 66. Kd3 {[%emt 0:04:58]} Kd6 {[%emt 0:00:37]} 67. Rxf7 {
[%emt 0:00:26]} Ke5 {[%emt 0:00:09]} 68. Kc3 {[%emt 0:00:47]} Be4 {
[%emt 0:00:45]} 69. f6 {[%emt 0:00:39]} Bg6 {[%emt 0:01:09]} 70. Rf8 {
[%emt 0:00:24]} Ke6 {[%emt 0:00:26]} 71. Kxb3 {[%emt 0:00:22]} Bf7 {
[%emt 0:00:08]} 72. Kc3 {[%emt 0:00:51]} Kxf6 {[%emt 0:00:05]} 73. Kd4 {
[%emt 0:00:14]} Kg7 {[%emt 0:03:00]} 74. Rb8 {[%emt 0:00:10]} Kf6 {
[%emt 0:00:41]} 75. h4 {[%emt 0:00:19]} Be6 {[%emt 0:00:29]} 76. Ke4 {
[%emt 0:00:47]} Bg4 {[%emt 0:00:33]} 77. Kf4 {[%emt 0:00:09]} Kg6 {
[%emt 0:00:16]} 78. Rb6+ {[%emt 0:00:19]} Kf7 {[%emt 0:00:19]} 79. Kg5 {
[%emt 0:00:05]} Kg7 {[%emt 0:00:37]} 80. Rb7+ {[%emt 0:00:05]} Kg8 {
[%emt 0:00:18]} 81. Kg6 {[%emt 0:00:11]} Kf8 {[%emt 0:00:08]} 82. Rf7+ {
[%emt 0:00:08]} Kg8 {[%emt 0:00:20]} 83. Rf2 {[%emt 0:01:49]} Bd7 {
[%emt 0:00:02]} 84. Kxh5 {[%emt 0:00:02]} 1-0

[Event "34ème Open International d'Avoine"]
[Site "AVOINE"]
[Date "2019.07.20"]
[Round "1.5"]
[White "Mancini, Mario"]
[Black "Vedmediuc, Serghei"]
[Result "0-1"]
[WhiteElo "2166"]
[BlackElo "2450"]
[PlyCount "82"]
[EventDate "2019.??.??"]
[WhiteTeam "Cercle d'Echecs de Villepinte"]
[BlackTeam "Mulhouse Philidor"]

1. d4 {[%emt 0:00:03]} g6 {[%emt 0:01:02]} 2. c4 {[%emt 0:02:02]} Bg7 {
[%emt 0:00:00]} 3. Nc3 {[%emt 0:00:18]} d6 {[%emt 0:00:08]} 4. g3 {
[%emt 0:04:12]} Nf6 {[%emt 0:00:23]} 5. Nf3 {[%emt 0:00:21]} O-O {
[%emt 0:00:11]} 6. Bg2 {[%emt 0:00:00]} Nbd7 {[%emt 0:00:22]} 7. O-O {
[%emt 0:00:20]} e5 {[%emt 0:00:15]} 8. e4 {[%emt 0:00:18]} exd4 {[%emt 0:00:36]
} 9. Nxd4 {[%emt 0:00:09]} Re8 {[%emt 0:00:00]} 10. h3 {[%emt 0:00:52]} a6 {
[%emt 0:00:19]} 11. Re1 {[%emt 0:08:44]} Rb8 {[%emt 0:01:11]} 12. a4 {
[%emt 0:06:45]} a5 {[%emt 0:05:31]} 13. Ndb5 {[%emt 0:01:08]} Nc5 {
[%emt 0:01:09]} 14. Bf4 {[%emt 0:02:42]} Nfd7 {[%emt 0:09:00]} 15. Rc1 {
[%emt 0:41:21]} Ne5 {[%emt 0:04:14]} 16. Bf1 {[%emt 0:00:13]} b6 {
[%emt 0:03:27]} 17. Nd4 {[%emt 0:06:21]} Bb7 {[%emt 0:02:25]} 18. Nd5 {
[%emt 0:02:28]} Ned7 {[%emt 0:19:10]} 19. Bg2 {[%emt 0:20:30]} Nxa4 {
[%emt 0:03:15]} 20. b3 {[%emt 0:04:33]} Nac5 {[%emt 0:00:23]} 21. Nb5 {
[%emt 0:00:36]} Na6 {[%emt 0:04:37]} 22. Nbxc7 {[%emt 0:03:54]} Nxc7 {
[%emt 0:00:11]} 23. Nxc7 {[%emt 0:00:05]} Qxc7 {[%emt 0:00:09]} 24. Bxd6 {
[%emt 0:00:03]} Qc6 {[%emt 0:00:00]} 25. Bxb8 {[%emt 0:00:06]} Nxb8 {
[%emt 0:00:17]} 26. Qd2 {[%emt 0:02:14]} Na6 {[%emt 0:01:22]} 27. Re3 {
[%emt 0:01:32]} Nc5 {[%emt 0:02:06]} 28. Rce1 {[%emt 0:00:06]} Qc7 {
[%emt 0:00:50]} 29. e5 {[%emt 0:01:02]} Bxg2 {[%emt 0:00:00]} 30. Kxg2 {
[%emt 0:00:06]} Rxe5 {[%emt 0:00:11]} 31. Rxe5 {[%emt 0:00:21]} Bxe5 {
[%emt 0:00:06]} 32. f4 {[%emt 0:00:12]} Qc6+ {[%emt 0:07:47]} 33. Kh2 {
[%emt 0:00:10]} Bf6 {[%emt 0:00:03]} 34. Qe3 {[%emt 0:00:57]} Kg7 {
[%emt 0:01:00]} 35. g4 {[%emt 0:01:20]} Qd6 {[%emt 0:09:42]} 36. Kg2 {
[%emt 0:01:07]} Ne6 {[%emt 0:03:19]} 37. Rf1 {[%emt 0:00:31]} Bd4 {
[%emt 0:00:28]} 38. Qf3 {[%emt 0:00:32]} h6 {[%emt 0:08:43]} 39. h4 {
[%emt 0:00:26]} Bc5 {[%emt 0:00:58]} 40. f5 {[%emt 0:00:49]} Qd2+ {
[%emt 0:03:05]} 41. Kh3 {[%emt 0:01:01]} Bd6 {[%emt 0:02:23]} 0-1

[Event "34ème Open International d'Avoine"]
[Site "AVOINE"]
[Date "2019.07.20"]
[Round "1.6"]
[White "Burri, Quentin"]
[Black "Midy, Robin"]
[Result "1/2-1/2"]
[WhiteElo "2422"]
[BlackElo "2160"]
[PlyCount "72"]
[EventDate "2019.??.??"]
[WhiteTeam "Mulhouse Philidor"]
[BlackTeam "Echiquier Club Le Mans"]

1. e4 {[%emt 0:00:02]} g6 {[%emt 0:00:09]} 2. d4 {[%emt 0:00:18]} Bg7 {
[%emt 0:00:00]} 3. Nc3 {[%emt 0:00:10]} a6 {[%emt 0:00:49]} 4. Be3 {
[%emt 0:02:24]} b5 {[%emt 0:08:11]} 5. Qd2 {[%emt 0:01:37]} Bb7 {[%emt 0:01:11]
} 6. f3 {[%emt 0:00:00]} d6 {[%emt 0:03:39]} 7. h4 {[%emt 0:02:28]} h6 {
[%emt 0:01:21]} 8. Nh3 {[%emt 0:12:52]} Nd7 {[%emt 0:20:10]} 9. Nf2 {
[%emt 0:04:39]} Ngf6 {[%emt 0:10:00]} 10. O-O-O {[%emt 0:05:35]} Nb6 {
[%emt 0:13:21]} 11. g4 {[%emt 0:11:18]} Nfd7 {[%emt 0:04:44]} 12. f4 {
[%emt 0:08:19]} c5 {[%emt 0:08:01]} 13. h5 {[%emt 0:14:16]} Qc7 {[%emt 0:03:48]
} 14. hxg6 {[%emt 0:05:04]} fxg6 {[%emt 0:00:00]} 15. dxc5 {[%emt 0:02:16]}
Nxc5 {[%emt 0:02:36]} 16. Nd5 {[%emt 0:02:17]} Bxd5 {[%emt 0:02:16]} 17. exd5 {
[%emt 0:00:04]} Rc8 {[%emt 0:14:27]} 18. Bd3 {[%emt 0:04:57]} Nc4 {
[%emt 0:12:30]} 19. Bxc4 {[%emt 0:01:23]} bxc4 {[%emt 0:00:00]} 20. c3 {
[%emt 0:07:16]} Qa5 {[%emt 0:01:02]} 21. Kb1 {[%emt 0:00:51]} Rb8 {
[%emt 0:00:26]} 22. Bd4 {[%emt 0:01:35]} Bxd4 {[%emt 0:01:24]} 23. Qxd4 {
[%emt 0:00:12]} Kd7 {[%emt 0:00:23]} 24. Rd2 {[%emt 0:02:35]} Na4 {
[%emt 0:00:00]} 25. Nd1 {[%emt 0:00:32]} Qc5 {[%emt 0:00:30]} 26. Re1 {
[%emt 0:01:54]} Qxd4 {[%emt 0:00:25]} 27. Rxd4 {[%emt 0:00:06]} Nb6 {
[%emt 0:00:31]} 28. Ne3 {[%emt 0:01:37]} Rbc8 {[%emt 0:00:19]} 29. f5 {
[%emt 0:00:42]} gxf5 {[%emt 0:00:00]} 30. Nxf5 {[%emt 0:00:06]} Rh7 {
[%emt 0:00:28]} 31. Rh1 {[%emt 0:01:21]} Rc5 {[%emt 0:00:30]} 32. Ne3 {
[%emt 0:07:00]} Rf7 {[%emt 0:00:33]} 33. Re1 {[%emt 0:01:47]} Rf2 {
[%emt 0:00:27]} 34. Red1 {[%emt 0:01:15]} Re2 {[%emt 0:00:00]} 35. Nf5 {
[%emt 0:00:45]} Rb5 {[%emt 0:00:25]} 36. R4d2 {[%emt 0:00:18]} Ke8 {
[%emt 0:00:53]} 1/2-1/2

[Event "34ème Open International d'Avoine"]
[Site "AVOINE"]
[Date "2019.07.20"]
[Round "1.7"]
[White "De Lussac, Rainier"]
[Black "Dionisi, Thomas"]
[Result "0-1"]
[WhiteElo "2153"]
[BlackElo "2405"]
[PlyCount "108"]
[EventDate "2019.??.??"]
[WhiteTeam "Cercle d'Echecs de Nantes"]
[BlackTeam "C.E. de Bois-Colombes"]

1. d4 {[%emt 0:00:12]} f5 {[%emt 0:00:13]} 2. Bg5 {[%emt 0:00:45]} g6 {
[%emt 0:00:00]} 3. Nd2 {[%emt 0:00:24]} Bg7 {[%emt 0:00:27]} 4. e4 {
[%emt 0:00:11]} fxe4 {[%emt 0:00:46]} 5. Nxe4 {[%emt 0:00:05]} d5 {
[%emt 0:00:04]} 6. Nc5 {[%emt 0:01:08]} b6 {[%emt 0:00:22]} 7. Nb3 {
[%emt 0:00:11]} Nf6 {[%emt 0:01:02]} 8. Nf3 {[%emt 0:11:11]} O-O {
[%emt 0:06:28]} 9. Be2 {[%emt 0:03:42]} c5 {[%emt 0:12:09]} 10. c3 {
[%emt 0:04:59]} Ne4 {[%emt 0:05:39]} 11. Be3 {[%emt 0:00:00]} Nd7 {
[%emt 0:00:40]} 12. Nbd2 {[%emt 0:05:58]} Nd6 {[%emt 0:03:47]} 13. dxc5 {
[%emt 0:26:55]} Nf5 {[%emt 0:09:51]} 14. Bd4 {[%emt 0:09:10]} Nxd4 {
[%emt 0:06:51]} 15. Nxd4 {[%emt 0:06:24]} Nxc5 {[%emt 0:00:06]} 16. O-O {
[%emt 0:10:27]} Bb7 {[%emt 0:04:28]} 17. N2b3 {[%emt 0:09:29]} Qd6 {
[%emt 0:07:36]} 18. Nb5 {[%emt 0:06:45]} Qd7 {[%emt 0:08:30]} 19. a4 {
[%emt 0:03:00]} e5 {[%emt 0:02:52]} 20. a5 {[%emt 0:02:20]} Bc6 {[%emt 0:05:17]
} 21. axb6 {[%emt 0:00:00]} axb6 {[%emt 0:00:55]} 22. Rxa8 {[%emt 0:00:18]}
Rxa8 {[%emt 0:00:24]} 23. Na3 {[%emt 0:00:11]} Ba4 {[%emt 0:09:24]} 24. Nxc5 {
[%emt 0:00:42]} bxc5 {[%emt 0:00:04]} 25. Qd2 {[%emt 0:00:19]} Bc6 {
[%emt 0:01:21]} 26. Rd1 {[%emt 0:00:00]} Kh8 {[%emt 0:06:28]} 27. Bf3 {
[%emt 0:00:54]} Rd8 {[%emt 0:00:14]} 28. Qg5 {[%emt 0:00:28]} Qe8 {
[%emt 0:03:42]} 29. h4 {[%emt 0:00:35]} h6 {[%emt 0:00:00]} 30. Qd2 {
[%emt 0:00:31]} e4 {[%emt 0:01:09]} 31. Be2 {[%emt 0:00:02]} Qe5 {
[%emt 0:03:09]} 32. Nc4 {[%emt 0:00:36]} Qf6 {[%emt 0:00:37]} 33. Na5 {
[%emt 0:00:36]} Ba8 {[%emt 0:01:06]} 34. h5 {[%emt 0:00:23]} Rf8 {
[%emt 0:04:00]} 35. Rf1 {[%emt 0:00:50]} Qb6 {[%emt 0:01:04]} 36. Ra1 {
[%emt 0:00:24]} c4 {[%emt 0:02:15]} 37. Bf1 {[%emt 0:00:35]} gxh5 {
[%emt 0:00:32]} 38. Ra2 {[%emt 0:00:36]} Be5 {[%emt 0:01:12]} 39. Nxc4 {
[%emt 0:00:32]} dxc4 {[%emt 0:00:35]} 40. Bxc4 {[%emt 0:00:19]} Bb7 {
[%emt 0:01:10]} 41. b4 {[%emt 0:04:38]} Qf6 {[%emt 0:09:49]} 42. Qd7 {
[%emt 0:09:21]} Bc8 {[%emt 0:08:33]} 43. Qd5 {[%emt 0:00:00]} Bxc3 {
[%emt 0:09:21]} 44. Qxe4 {[%emt 0:04:02]} Bd4 {[%emt 0:00:45]} 45. Qe2 {
[%emt 0:03:28]} h4 {[%emt 0:02:10]} 46. Bd5 {[%emt 0:04:26]} Qf4 {
[%emt 0:02:09]} 47. Rc2 {[%emt 0:09:58]} Bf5 {[%emt 0:07:03]} 48. Rd2 {
[%emt 0:00:00]} Bg6 {[%emt 0:09:29]} 49. Qf3 {[%emt 0:08:01]} Qd6 {
[%emt 0:01:12]} 50. Qg4 {[%emt 0:02:32]} Bc3 {[%emt 0:00:32]} 51. Rd1 {
[%emt 0:00:35]} Qf6 {[%emt 0:01:57]} 52. Bf3 {[%emt 0:00:28]} h5 {
[%emt 0:01:21]} 53. Qc4 {[%emt 0:00:32]} h3 {[%emt 0:00:37]} 54. Rd5 {
[%emt 0:00:27]} Bf7 {[%emt 0:01:12]} 0-1